| 000 | 01252nam a2200361 i 4500 | ||
|---|---|---|---|
| 001 | 12260 | ||
| 003 | KOSZ 005 | ||
| 005 | 20200630132826.0 | ||
| 008 | 960606s1957 pl a f 001 0 pol d | ||
| 040 |
_cKOSZ 005/HR _aKOSZ 005/HR _dKOSZ 005/HR |
||
| 041 |
_apol _hger |
||
| 046 | _k1957 | ||
| 080 | _a539 | ||
| 100 | 1 |
_aWeizel, Walter _d(1901- ). _eAutor. |
|
| 245 | 0 |
_aFizyka teoretyczna : _bbudowa materii. _nT. 2.2 / _cWalter Weizel ; z jęz. niem. tł. Walerian Zientek. |
|
| 246 | 1 |
_iTyt. oryg.: _aLehrbuch der theoretischen Physik |
|
| 260 |
_aWarszawa : _bPaństwowe Wydawnictwo Naukowe, _c1957. |
||
| 300 |
_a394, [1] s., 3k. tabl. : _bil. ; _c24 cm. |
||
| 336 |
_2rdacontent _aTekst _btxt |
||
| 337 |
_2rdamedia _aBez urządzenia pośredniczącego _bn |
||
| 338 |
_2rdacarrier _aWolumin _bnc |
||
| 380 | _aKsiążki | ||
| 388 | _a1901- | ||
| 504 | _aIndeks. | ||
| 650 | 4 | _aFizyka | |
| 650 | 4 | _aGazy | |
| 650 | 4 | _aMateria | |
| 650 | 4 | _aCząstki elementarne | |
| 700 | 1 |
_aZientek, Walerian. _eTłumaczenie |
|
| 710 | 2 |
_aPaństwowe Wydawnictwo Naukowe _4pbl. |
|
| 856 |
_uhttp://koha.tu.koszalin.pl/cgi-bin/koha/opac-detail.pl?biblionumber=12260 _yKatalog online BPK |
||
| 942 |
_cKS _2UKD |
||
| 999 |
_c12260 _d12260 |
||